La palabra y otros tanteos literarios /

Guardado en:
Autor Principal: Ossorio, Angel.
Formato: Libro
Idioma:Undetermined
Publicado: Buenos Aires : Editorial Losada, 1945.
Materias:
Etiquetas: Agregar Etiqueta
Sin Etiquetas, Sea el primero en etiquetar este registro!
LEADER 00493nam a22001575a 4500
001 EHU.bham048193
005 20110912140406.0
008 110912s1945####ag############000#0#und#d
100 1 |a Ossorio, Angel. 
245 0 0 |a La palabra y otros tanteos literarios /  |c Angel Ossorio. 
260 |a Buenos Aires :  |b Editorial Losada,  |c 1945. 
300 |a 176 p. 
653 |a Estilos literarios 
653 |a Escritores 
653 |a Literatura 
859 |a AR-BHAM  |b BIB. HUMANIDADES - Donacion Lejarraga  |h MFN002412  |p 002412.19